| 000 | 00978nam0a22002651 4500 | ||
|---|---|---|---|
| 001 | rc\2722323 | ||
| 005 | 20260407013605.0 | ||
| 035 | _a(NLR Aleph) 006849954 | ||
| 090 |
_a6735779 _c6735779 |
||
| 100 | _a20110915d1938 |||y0rusy50 ca | ||
| 101 | 0 | _arus | |
| 102 | _aRU | ||
| 105 | _ay b ||||| | ||
| 200 | 1 |
_aМеталлургия черная и цветная _eКаталог. 1938 |
|
| 210 |
_a[Ленинград] _cЛенкнигосбыт ГОНТИ _d1938 _g[Тип.] арт. "Печатный труд" |
||
| 215 |
_a20 с. _d20 см. |
||
| 300 | _aНа обл.: "Каталог по черной и цветной металлургии" | ||
| 710 | 0 | 2 |
_aГОНТИ _bСбытовое управление _bЛенинградское обл. отделение _9500505 _3RU\NLR\AUTH\8810001659 |
| 801 | 0 |
_aRU _bNLR _gpsbo |
|
| 801 | 1 |
_aRU _bELAR _2rusmarc |
|
| 852 |
_aNLR _j38-10/2434 |
||
| 852 |
_aNLR _j38-10/2434а |
||
| 942 | _cBOOK | ||
| 980 | _aNB | ||